[Event "Cesme op-A 11th"]
[Site "Izmir"]
[Date "2025.06.25"]
[Round "4"]
[White "Dhulipalla, Bala Chandra Prasad"]
[Black "Alexakis, Dimitris"]
[Result "1/2-1/2"]
[WhiteElo "2406"]
[BlackElo "2532"]
[PlyCount "64"]
[EventDate "2025.06.23"]
[EventType "swiss"]
[EventRounds "9"]
[EventCountry "TUR"]
[SourceTitle "CB27_2025"]
[SourceDate "2025.07.02"]
[SourceVersion "1"]
[SourceVersionDate "2025.07.02"]
[SourceQuality "1"]

1. e4 c5 2. Nf3 Nc6 3. Bb5 g6 4. 0-0 Bg7 5. d3 Nf6 6. Nc3 0-0 7. e5 Ng4 8. Bxc6 bxc6 9. Re1 f6 10. exf6 Nxf6 11. Qe2 Re8 12. Ne4 d6 13. Bh6 Nd5 14. Bxg7 Kxg7 15. d4 cxd4 16. Nxd4 c5 17. Nf3 Bb7 18. Rad1 Qc8 19. Qc4 Qc6 20. h4 e5 21. h5 Rad8 22. hxg6 hxg6 23. Neg5 Re7 24. Qg4 Qd7 25. Qxd7 Rdxd7 26. Ne4 Nb4 27. Rxd6 Nxc2 28. Rxd7 Rxd7 29. Nxc5 Nxe1 30. Nxd7 Bxf3 31. gxf3 Nxf3+ 32. Kf1 Kf7 1/2-1/2

[Event "Teplice op 18th"]
[Site "Teplice"]
[Date "2025.06.16"]
[Round "3"]
[White "Kenneskog, Theodor"]
[Black "Dhulipalla, Bala Chandra Prasad"]
[Result "1/2-1/2"]
[WhiteElo "2298"]
[BlackElo "2406"]
[PlyCount "60"]
[EventDate "2025.06.14"]
[EventType "swiss"]
[EventRounds "9"]
[EventCountry "CZE"]
[SourceTitle "CB26_2025"]
[SourceDate "2025.06.25"]
[SourceVersion "1"]
[SourceVersionDate "2025.06.25"]
[SourceQuality "1"]

1. e4 e5 2. Nf3 Nc6 3. Bb5 a6 4. Ba4 Nge7 5. Nc3 Ng6 6. d4 exd4 7. Nxd4 Nxd4 8. Qxd4 b5 9. Bb3 Bb7 10. Qd3 b4 11. Nd5 c6 12. Nf4 a5 13. Nxg6 hxg6 14. 0-0 Ba6 15. Bc4 Bxc4 16. Qxc4 Qf6 17. Rd1 Qe5 18. h3 Bc5 19. Rd3 0-0 20. Rxd7 Rad8 21. Rd3 Rfe8 22. c3 Rxd3 23. Qxd3 bxc3 24. bxc3 Qxe4 25. Qxe4 Rxe4 26. Kf1 Bd6 27. Bd2 Kf8 28. Rb1 Ke7 29. Re1 Rxe1+ 30. Kxe1 Kd7 1/2-1/2

[Event "Teplice op 18th"]
[Site "Teplice"]
[Date "2025.06.15"]
[Round "2"]
[White "Dhulipalla, Bala Chandra Prasad"]
[Black "Vaclavik, Jan"]
[Result "1-0"]
[WhiteElo "2406"]
[BlackElo "2192"]
[PlyCount "69"]
[EventDate "2025.06.14"]
[EventType "swiss"]
[EventRounds "9"]
[EventCountry "CZE"]
[SourceTitle "CB26_2025"]
[SourceDate "2025.06.25"]
[SourceVersion "1"]
[SourceVersionDate "2025.06.25"]
[SourceQuality "1"]

1. e4 e5 2. Bc4 Nf6 3. Nc3 Bc5 4. Nf3 d6 5. d3 h6 6. Be3 Nbd7 7. 0-0 0-0 8. Ne2 c6 9. Bxc5 Nxc5 10. b4 Ncd7 11. Ng3 a5 12. a3 Nb6 13. Bb3 Be6 14. Bxe6 fxe6 15. c3 axb4 16. axb4 Rxa1 17. Qxa1 Qa8 18. Qb2 Qa6 19. c4 Nbd7 20. Ra1 Qb6 21. Qc3 Kh7 22. h3 g5 23. Ra2 g4 24. hxg4 Nxg4 25. d4 Qd8 26. Qd3 Qf6 27. Ra7 exd4 28. Rxb7 Rf7 29. Qxd4 Nde5 30. Rxf7+ Qxf7 31. Nxe5 dxe5 32. Qc5 Qf4 33. Nf1 Nf6 34. f3 h5 35. Qxc6 1-0

[Event "Prague op"]
[Site "Prague"]
[Date "2025.03.07"]
[Round "9"]
[White "Pechac, Jergus"]
[Black "Dhulipalla, Bala Chandra Prasad"]
[Result "1-0"]
[WhiteElo "2603"]
[BlackElo "2432"]
[PlyCount "69"]
[EventDate "2025.02.27"]
[EventType "swiss"]
[EventRounds "9"]
[EventCountry "CZE"]
[SourceTitle "CB11_2025"]
[SourceDate "2025.03.12"]
[SourceVersion "1"]
[SourceVersionDate "2025.03.12"]
[SourceQuality "1"]

1. e4 e5 2. Nf3 Nc6 3. Bc4 Nf6 4. d3 Be7 5. 0-0 0-0 6. Re1 d6 7. a4 Be6 8. Bxe6 fxe6 9. c3 a5 10. Be3 d5 11. Qb3 Qd6 12. Nbd2 Rad8 13. Re2 b6 14. Rae1 Kh8 15. Bg5 Ng8 16. exd5 exd5 17. Bxe7 Ngxe7 18. Nxe5 Nxe5 19. Rxe5 Ng6 20. R5e3 Qf4 21. R1e2 d4 22. Rf3 Qg4 23. h3 Qh5 24. cxd4 Nf4 25. Re5 Qg6 26. Rg3 Qc6 27. Nf3 Qf6 28. Re4 c5 29. dxc5 bxc5 30. Ne5 Rd4 31. Ree3 Nxh3+ 32. Rxh3 Qxf2+ 33. Kh2 c4 34. Ng6+ Kg8 35. Qb6 1-0

[Event "Yerevan op-A 6th"]
[Site "Yerevan"]
[Date "2024.12.09"]
[Round "7"]
[White "Alaverdyan, Gevorg"]
[Black "Dhulipalla, Bala Chandra Prasad"]
[Result "0-1"]
[WhiteElo "2262"]
[BlackElo "2439"]
[PlyCount "136"]
[EventDate "2024.12.05"]
[EventType "swiss"]
[EventRounds "9"]
[EventCountry "ARM"]
[SourceTitle "CB51_2024"]
[SourceDate "2024.12.18"]
[SourceVersion "1"]
[SourceVersionDate "2024.12.18"]
[SourceQuality "1"]

1. Nf3 d5 2. g3 c6 3. Bg2 Bg4 4. 0-0 e6 5. d3 Bd6 6. b3 Ne7 7. Bb2 0-0 8. Nbd2 Nd7 9. h3 Bh5 10. e4 a5 11. a4 Rc8 12. g4 Bg6 13. Re1 Bf4 14. Ra2 Re8 15. Nf1 Qc7 16. h4 h6 17. g5 dxe4 18. dxe4 Bh5 19. Qd4 e5 20. Qc3 Ng6 21. N1h2 Ndf8 22. Raa1 Rcd8 23. Bc1 hxg5 24. hxg5 Bxc1 25. Raxc1 Nf4 26. Nf1 N8e6 27. Ng3 Bxf3 28. Qxf3 Nxg5 29. Qg4 Qe7 30. Nf5 Qf6 31. Re3 Rd2 32. Rce1 g6 33. Rg3 Nge6 34. Bf3 Red8 35. Ne3 Nd4 36. c3 Nxb3 37. Qf5 Qxf5 38. exf5 R2d3 39. fxg6 fxg6 40. Ng4 Nd2 41. Nxe5 Rxc3 42. Bxc6 Rxc6 43. Nxc6 bxc6 44. Rge3 Rd5 45. Kh2 Kf7 46. Kg3 Nh5+ 47. Kh3 Nf4+ 48. Kg3 Rd4 49. Re7+ Kf6 50. Re8 Nh5+ 51. Kh3 Rd3+ 52. Kg4 Rd4+ 53. Kh3 Rxa4 54. R8e6+ Kg7 55. Rxc6 Ne4 56. Rc2 Ra3+ 57. Kh2 Nhf6 58. Kg2 Kh6 59. Rc4 Rb3 60. Re2 Rb5 61. Re3 Rg5+ 62. Kh3 Rh5+ 63. Kg2 Rg5+ 64. Kh3 Nxf2+ 65. Kh4 Rg2 66. Re5 g5+ 67. Rxg5 Rxg5 68. Rf4 Rg4+ 0-1

[Event "Yerevan op-A 6th"]
[Site "Yerevan"]
[Date "2024.12.08"]
[Round "6"]
[White "Dhulipalla, Bala Chandra Prasad"]
[Black "Salimiyan, Behzad"]
[Result "1-0"]
[WhiteElo "2439"]
[BlackElo "2254"]
[PlyCount "95"]
[EventDate "2024.12.05"]
[EventType "swiss"]
[EventRounds "9"]
[EventCountry "ARM"]
[SourceTitle "CB51_2024"]
[SourceDate "2024.12.18"]
[SourceVersion "1"]
[SourceVersionDate "2024.12.18"]
[SourceQuality "1"]

1. e4 c6 2. Nf3 d5 3. Nc3 dxe4 4. Nxe4 Nf6 5. Qe2 Nxe4 6. Qxe4 Nd7 7. d4 Nf6 8. Qd3 e6 9. Be2 Qc7 10. 0-0 Be7 11. c4 0-0 12. Bg5 Rd8 13. Qc2 c5 14. dxc5 Qxc5 15. Rad1 Bd7 16. Be3 Qc7 17. Bd4 Bc6 18. h3 Nh5 19. Ne5 Ng3 20. Nxc6 bxc6 21. Rfe1 Nf5 22. Bc3 Bc5 23. Bd3 Qf4 24. Re4 Qc7 25. Ree1 Qf4 26. Bxf5 exf5 27. Qe2 h6 28. b3 Re8 29. Qf3 Qxf3 30. gxf3 f6 31. Rxe8+ Rxe8 32. b4 Bf8 33. Kf1 Rb8 34. c5 Rb7 35. Rd8 Rc7 36. Ke2 Kf7 37. Kd3 Be7 38. Ra8 g5 39. a4 h5 40. Kc4 Bf8 41. Bxf6 Kxf6 42. Rxf8+ Ke5 43. b5 cxb5+ 44. axb5 Rd7 45. Re8+ Kf4 46. Re3 Rd2 47. c6 Rxf2 48. Rc3 1-0

[Event "Titled Tuesday intern op 16th Jul Early"]
[Site "Chess.com INT"]
[Date "2024.07.16"]
[Round "5"]
[White "Dhulipalla, Bala Chandra Prasad"]
[Black "Anton Guijarro, David"]
[Result "1-0"]
[WhiteElo "2431"]
[BlackElo "2669"]
[PlyCount "99"]
[EventDate "2024.07.16"]
[EventType "swiss (blitz)"]
[EventRounds "11"]
[EventCountry "USA"]
[SourceTitle "EXT 2025"]
[Source "ChessBase"]
[SourceDate "2024.10.14"]
[SourceVersion "1"]
[SourceVersionDate "2024.10.14"]
[SourceQuality "1"]

1. d4 d5 2. Nf3 e6 3. Bf4 Nf6 4. e3 c5 5. Nbd2 Nc6 6. c3 cxd4 7. exd4 Nh5 8. Be3 Bd6 9. Ne5 Nf6 10. Ndf3 Nd7 11. Nxd7 Bxd7 12. Bd3 Qc7 13. 0-0 f6 14. Rc1 0-0 15. Re1 Rad8 16. Bb1 Ne7 17. h3 b5 18. Qd3 g6 19. Re2 a6 20. Rce1 Nf5 21. Qd2 Rfe8 22. a3 Nxe3 23. Qxe3 Bf4 24. Qd3 b4 25. axb4 Bb5 26. Qd1 Bxe2 27. Qxe2 a5 28. bxa5 Qxa5 29. h4 Kg7 30. g3 Bd6 31. h5 Qc7 32. Kg2 e5 33. dxe5 Bxe5 34. Qd3 Qc4 35. Qc2 Qg4 36. Rh1 Bxg3 37. fxg3 Re3 38. Rf1 Rde8 39. Rf2 f5 40. Qd2 Qxh5 41. Qd4+ Kf8 42. Qf6+ Kg8 43. Ng5 Re2 44. Qf7+ Kh8 45. Qf6+ Kg8 46. Be4 Rxf2+ 47. Kxf2 Qh2+ 48. Kf1 Rxe4 49. Qf7+ Kh8 50. Qf8# 1-0

[Event "Titled Tuesday intern op 16th Jul Early"]
[Site "Chess.com INT"]
[Date "2024.07.16"]
[Round "2"]
[White "Dhulipalla, Bala Chandra Prasad"]
[Black "Postnikov, Artem"]
[Result "1/2-1/2"]
[WhiteElo "2431"]
[BlackElo "2207"]
[PlyCount "105"]
[EventDate "2024.07.16"]
[EventType "swiss (blitz)"]
[EventRounds "11"]
[EventCountry "USA"]
[SourceTitle "EXT 2025"]
[Source "ChessBase"]
[SourceDate "2024.10.14"]
[SourceVersion "1"]
[SourceVersionDate "2024.10.14"]
[SourceQuality "1"]

1. d4 Nf6 2. Nf3 g6 3. Bf4 Bg7 4. e3 0-0 5. Be2 d6 6. 0-0 Nh5 7. Bg3 Nxg3 8. hxg3 e5 9. c3 e4 10. Nfd2 d5 11. c4 c6 12. Nc3 Be6 13. Qb3 b6 14. Rfc1 Nd7 15. cxd5 cxd5 16. Nxd5 Ne5 17. dxe5 Bxd5 18. Bc4 Bb7 19. Qc2 Bxe5 20. Rd1 Qe7 21. Rac1 Bg7 22. Nb1 Rac8 23. Qe2 Qb4 24. b3 Kh8 25. Ba6 Rxc1 26. Rxc1 Bd5 27. Rc7 Be6 28. Bc4 Bxc4 29. Rxc4 Qe7 30. Qc2 Rd8 31. Rxe4 Qd6 32. Nc3 Rc8 33. Rc4 Rxc4 34. bxc4 Qc5 35. Nd5 b5 36. Qe4 bxc4 37. Ne7 h5 38. Qa8+ Kh7 39. Qg8+ Kh6 40. Qxf7 Qd6 41. Ng8+ Kh7 42. Qxc4 Qd8 43. Qf7 Qxg8 44. Qxa7 Qc4 45. f3 Qe2 46. Kh2 Qe1 47. a4 Qc3 48. Kh3 Qe5 49. e4 Qe6+ 50. Kh2 Qe5 51. Kh3 Qe6+ 52. Kh2 Qe5 53. Kh3 1/2-1/2

[Event "Titled Tuesday intern op 16th Jul Early"]
[Site "Chess.com INT"]
[Date "2024.07.16"]
[Round "6"]
[White "Howell, David"]
[Black "Dhulipalla, Bala Chandra Prasad"]
[Result "1/2-1/2"]
[WhiteElo "2675"]
[BlackElo "2431"]
[PlyCount "113"]
[EventDate "2024.07.16"]
[EventType "swiss (blitz)"]
[EventRounds "11"]
[EventCountry "USA"]
[SourceTitle "EXT 2025"]
[Source "ChessBase"]
[SourceDate "2024.10.14"]
[SourceVersion "1"]
[SourceVersionDate "2024.10.14"]
[SourceQuality "1"]

1. d4 Nc6 2. c4 e5 3. d5 Nce7 4. h4 h5 5. e4 Nf6 6. Nc3 Ng6 7. f3 Bc5 8. Nge2 c6 9. Na4 Bb4+ 10. Bd2 Bxd2+ 11. Qxd2 cxd5 12. cxd5 d6 13. Rc1 0-0 14. g3 Bd7 15. Qb4 Bxa4 16. Qxa4 Qb6 17. Qb3 Qxb3 18. axb3 Rfc8 19. Kd2 Rxc1 20. Nxc1 Rc8 21. Na2 Nd7 22. b4 Kf8 23. Nc3 Ke7 24. Kd3 a6 25. Bh3 Ngf8 26. Ra1 Rb8 27. b5 g6 28. b4 Ra8 29. Kc2 Nb6 30. bxa6 bxa6 31. Bf1 Nfd7 32. Rxa6 Rc8 33. Ra7 f5 34. Kd3 f4 35. Ne2 fxg3 36. Nxg3 Kf6 37. Bh3 Rd8 38. Bxd7 Nxd7 39. Kc4 g5 40. hxg5+ Kxg5 41. Ra1 h4 42. Nf5 h3 43. Rh1 Rh8 44. Kb5 Kf4 45. Kc6 Nf6 46. b5 Kxf3 47. b6 Nxe4 48. b7 Kg2 49. Ra1 h2 50. Nxd6 Nxd6 51. Kxd6 h1Q 52. Rxh1 Kxh1 53. Kxe5 Rb8 54. d6 Rxb7 55. Ke6 Rb6 56. Ke7 Rxd6 57. Kxd6 1/2-1/2

[Event "Adeje Arona op"]
[Site "Adeje"]
[Date "2024.06.28"]
[Round "8"]
[White "Dhulipalla, Bala Chandra Prasad"]
[Black "Jain, Kashish Manoj"]
[Result "1/2-1/2"]
[WhiteElo "2420"]
[BlackElo "2308"]
[PlyCount "105"]
[EventDate "2024.06.22"]
[EventType "swiss"]
[EventRounds "10"]
[EventCountry "ESP"]
[SourceTitle "CBM 220 Extra"]
[Source "ChessBase"]
[SourceDate "2024.07.31"]
[SourceVersion "1"]
[SourceVersionDate "2024.07.31"]
[SourceQuality "1"]

1. d4 d5 2. c4 c6 3. Nf3 Nf6 4. e3 Bf5 5. Nc3 e6 6. Nh4 Bg6 7. Be2 Nbd7 8. g3 Be7 9. 0-0 dxc4 10. Bxc4 Bh5 11. Be2 Bxe2 12. Qxe2 c5 13. dxc5 Nxc5 14. Rd1 Qb6 15. e4 Qa6 16. Qxa6 Nxa6 17. e5 Nd7 18. Nf3 Nb6 19. Be3 Nc7 20. Bxb6 axb6 21. Rac1 Rd8 22. Rxd8+ Kxd8 23. Rd1+ Kc8 24. Na4 Nd5 25. Nd4 Kb8 26. Nb5 Rc8 27. Nac3 Rc5 28. Nxd5 Rxd5 29. Rxd5 exd5 30. Kf1 Bc5 31. Ke2 Kc8 32. Nc3 Kd7 33. Nxd5 Ke6 34. Ne3 Kxe5 35. Kd3 b5 36. f4+ Ke6 37. Ke4 Bxe3 38. Kxe3 Kd5 39. Kd3 b4 40. a4 bxa3 41. bxa3 Kc5 42. Kc3 Kb5 43. Kb3 f5 44. h3 h5 45. a4+ Ka5 46. Ka3 b6 47. Kb3 b5 48. axb5 Kxb5 49. Kc3 Kc5 50. h4 Kd5 51. Kd3 g6 52. Ke3 Kc4 53. Ke2 1/2-1/2

[Event "Helsinki ShakkiNet op 8th"]
[Site "Helsinki"]
[Date "2024.06.17"]
[Round "8"]
[White "Dhulipalla, Bala Chandra Prasad"]
[Black "Greenfeld, Alon"]
[Result "1-0"]
[WhiteElo "2420"]
[BlackElo "2458"]
[PlyCount "79"]
[EventDate "2024.06.10"]
[EventType "swiss"]
[EventRounds "9"]
[EventCountry "FIN"]
[SourceTitle "CBM 220 Extra"]
[Source "ChessBase"]
[SourceDate "2024.07.31"]
[SourceVersion "1"]
[SourceVersionDate "2024.07.31"]
[SourceQuality "1"]

1. e4 c5 2. c3 Nf6 3. e5 Nd5 4. Nf3 Nc6 5. Bc4 Nb6 6. Bb3 c4 7. Bc2 d6 8. exd6 Qxd6 9. 0-0 g6 10. Na3 Bg7 11. b3 Be6 12. Re1 Bd5 13. bxc4 Nxc4 14. Nxc4 Bxc4 15. d4 0-0 16. h4 e5 17. dxe5 Qxd1 18. Bxd1 Rfe8 19. Bf4 f6 20. Re4 b5 21. Bb3 Bxb3 22. axb3 fxe5 23. Bd2 a5 24. Kf1 Nd8 25. c4 Nb7 26. cxb5 Nd6 27. Rea4 Rab8 28. Re1 Rxb5 29. Rxa5 Rxb3 30. Rd5 Nc4 31. Bf4 Rf8 32. Bg3 Rc3 33. Kg1 h6 34. Kh2 Rc2 35. Re4 Rc8 36. Rd7 Ra2 37. Rg4 Ra6 38. h5 e4 39. Nh4 Ne5 40. Rxg7+ 1-0

[Event "Rilton Cup 51st"]
[Site "Stockholm"]
[Date "2024.01.03"]
[Round "7"]
[White "Dhulipalla, Bala Chandra Prasad"]
[Black "Utsab, Chatterjee"]
[Result "1/2-1/2"]
[WhiteElo "2396"]
[BlackElo "2289"]
[PlyCount "67"]
[EventDate "2023.12.27"]
[EventType "swiss"]
[EventRounds "9"]
[EventCountry "SWE"]
[SourceTitle "CBM 218 Extra"]
[Source "ChessBase"]
[SourceDate "2024.03.31"]
[SourceVersion "1"]
[SourceVersionDate "2024.03.31"]
[SourceQuality "1"]

1. Nf3 d5 2. g3 Nf6 3. Bg2 e6 4. 0-0 Be7 5. c4 0-0 6. d4 dxc4 7. Qc2 a6 8. a4 Bd7 9. Qxc4 Bc6 10. Bf4 Bd6 11. Qc1 a5 12. Nc3 Na6 13. Bd2 Nb4 14. Qb1 Bxf3 15. Bxf3 c6 16. Ne4 Nxe4 17. Qxe4 Re8 18. Rfd1 Qb6 19. Bc3 Nd5 20. Qc2 Nxc3 21. bxc3 Qc7 22. Rab1 Rab8 23. e3 g6 24. Rb3 Qe7 25. Rdb1 Rec8 26. Rb6 Qc7 27. R6b2 Qe7 28. Rb6 Qc7 29. R6b2 Qe7 30. Bg2 e5 31. d5 cxd5 32. Bxd5 Bb4 33. Rb3 b6 34. Qd3 1/2-1/2

[Event "Rilton Cup 51st"]
[Site "Stockholm"]
[Date "2024.01.02"]
[Round "6"]
[White "Gorshtein, Ido"]
[Black "Dhulipalla, Bala Chandra Prasad"]
[Result "1/2-1/2"]
[WhiteElo "2523"]
[BlackElo "2396"]
[PlyCount "67"]
[EventDate "2023.12.27"]
[EventType "swiss"]
[EventRounds "9"]
[EventCountry "SWE"]
[SourceTitle "CBM 218 Extra"]
[Source "ChessBase"]
[SourceDate "2024.03.31"]
[SourceVersion "1"]
[SourceVersionDate "2024.03.31"]
[SourceQuality "1"]

1. d4 d5 2. c4 c6 3. Nf3 Nf6 4. Nc3 dxc4 5. a4 e6 6. e3 c5 7. Bxc4 Nc6 8. 0-0 cxd4 9. exd4 Be7 10. Bg5 0-0 11. Re1 h6 12. Be3 Nd5 13. Qe2 Bf6 14. Rad1 b6 15. Bc1 Bb7 16. Ba2 Nce7 17. Bb1 Rc8 18. Ne4 Ng6 19. g3 Re8 20. Bd2 Re7 21. Qd3 Rec7 22. a5 Be7 23. Ne5 Nf8 24. a6 Ba8 25. Qe2 Bb4 26. Qh5 Bxd2 27. Nxd2 Nb4 28. Ne4 Nxa6 29. d5 exd5 30. Ng4 Rc6 31. Ne5 R6c7 32. Ng4 Rc6 33. Ne5 R6c7 34. Ng4 1/2-1/2

[Event "Sitges Sunway op 10th"]
[Site "Sitges"]
[Date "2023.12.21"]
[Round "9"]
[White "Srija, Seshadri"]
[Black "Dhulipalla, Bala Chandra Prasad"]
[Result "1/2-1/2"]
[WhiteElo "2272"]
[BlackElo "2396"]
[PlyCount "105"]
[EventDate "2023.12.12"]
[EventType "swiss"]
[EventRounds "10"]
[EventCountry "ESP"]
[SourceTitle "CBM 217 Extra"]
[Source "ChessBase"]
[SourceDate "2024.01.31"]
[SourceVersion "1"]
[SourceVersionDate "2024.01.31"]
[SourceQuality "1"]

1. e4 e5 2. Nf3 Nc6 3. Bb5 a6 4. Ba4 Bc5 5. c3 Nge7 6. 0-0 Ba7 7. d4 Ng6 8. Re1 0-0 9. Bg5 f6 10. Be3 Kh8 11. Nbd2 d6 12. h3 Bd7 13. Nf1 exd4 14. Nxd4 Nxd4 15. Bxd4 Bxd4 16. cxd4 Bxa4 17. Qxa4 f5 18. exf5 Rxf5 19. Ng3 Rf8 20. Rac1 Qf6 21. Rc2 Nf4 22. Qd7 Rf7 23. Re8+ Rxe8 24. Qxe8+ Rf8 25. Qe3 Qf7 26. Kh2 h6 27. Qe4 c6 28. Rc3 Re8 29. Qf3 Rf8 30. Qe4 d5 31. Qe1 Re8 32. Re3 Rxe3 33. fxe3 Ne6 34. Ne2 Qh5 35. Qf2 Kg8 36. Ng3 Qe8 37. Qf5 Nf8 38. Qf4 Ng6 39. Qg4 Qf7 40. Nf5 Kh7 41. Kg1 Qf6 42. h4 Ne7 43. Nxe7 Qxe7 44. Kf2 Qf6+ 45. Ke2 Qf8 46. a3 Qd8 47. Qf5+ Kh8 48. g3 a5 49. Qe6 Qb6 50. Qc8+ Kh7 51. Qf5+ Kh8 52. Qf8+ Kh7 53. Qf5+ 1/2-1/2

[Event "Sitges Sunway op 10th"]
[Site "Sitges"]
[Date "2023.12.20"]
[Round "8"]
[White "Dhulipalla, Bala Chandra Prasad"]
[Black "Raja, Rithvik R"]
[Result "0-1"]
[WhiteElo "2396"]
[BlackElo "2500"]
[PlyCount "166"]
[EventDate "2023.12.12"]
[EventType "swiss"]
[EventRounds "10"]
[EventCountry "ESP"]
[SourceTitle "CBM 217 Extra"]
[Source "ChessBase"]
[SourceDate "2024.01.31"]
[SourceVersion "1"]
[SourceVersionDate "2024.01.31"]
[SourceQuality "1"]

1. d4 d5 2. c4 e6 3. Nf3 c6 4. e3 Nf6 5. b3 c5 6. cxd5 Nxd5 7. Bb5+ Bd7 8. Bxd7+ Qxd7 9. 0-0 cxd4 10. Qxd4 Nc6 11. Qd2 e5 12. e4 Nb6 13. Qb2 f6 14. Be3 Qd3 15. Nbd2 Bb4 16. Rad1 Rd8 17. h3 0-0 18. Nc4 Nxc4 19. bxc4 Qxc4 20. Rc1 Qxe4 21. a3 Ba5 22. Qxb7 Rc8 23. Rfd1 Rc7 24. Qb3+ Kh8 25. Rc4 Nd4 26. Nxd4 Rxc4 27. Qxc4 Rd8 28. Qe6 Qd5 29. Qxd5 Rxd5 30. f4 Kg8 31. fxe5 fxe5 32. Kf2 Bb6 33. Kf3 exd4 34. Bg1 Ra5 35. Bxd4 Rxa3+ 36. Ke2 Rb3 37. Bxb6 axb6 38. Rd7 Rg3 39. Kf2 Rg6 40. Rb7 h5 41. g4 hxg4 42. h4 g3+ 43. Kg2 Kh7 44. h5 Rc6 45. Kxg3 Kh6 46. Kg4 Rc4+ 47. Kf3 Rb4 48. Kg3 Rb5 49. Kf4 Rb1 50. Kf3 Rb3+ 51. Kg4 Rb4+ 52. Kf3 Rb1 53. Kg4 Rb4+ 54. Kf3 b5 55. Kg3 Rb1 56. Kf3 Rf1+ 57. Ke4 b4 58. Ke3 b3 59. Rb5 Rf7 60. Ke4 Rf2 61. Ke3 Rf7 62. Ke4 Rf2 63. Ke3 Rf1 64. Ke2 Rf7 65. Ke3 b2 66. Rxb2 Kxh5 67. Rh2+ Kg4 68. Rg2+ Kh4 69. Rg6 Kh5 70. Rg1 g5 71. Rh1+ Kg6 72. Rg1 Rf4 73. Rh1 Rf5 74. Rg1 Kh5 75. Ke4 Rf4+ 76. Ke3 Kg6 77. Rh1 Kf5 78. Ke2 g4 79. Rh5+ Kg6 80. Rh8 Kg5 81. Ke3 Rf7 82. Ke2 g3 83. Rh1 Kg4 0-1